Past lives / (Record no. 1203)

MARC details
000 -LEADER
fixed length control field 00423nam a2200157 4500
003 - CONTROL NUMBER IDENTIFIER
control field IeDuTC
005 - DATE AND TIME OF LATEST TRANSACTION
control field 20181127163638.0
008 - FIXED-LENGTH DATA ELEMENTS--GENERAL INFORMATION
fixed length control field 061122r20072006enk 000 1 eng
020 ## - INTERNATIONAL STANDARD BOOK NUMBER
International Standard Book Number 0749081732 (pbk.)
International Standard Book Number 9780749081737 (pbk.)
100 1# - MAIN ENTRY--PERSONAL NAME
Personal name McClure, Ken.
245 10 - TITLE STATEMENT
Title Past lives /
Statement of responsibility, etc. Ken McClure.
260 ## - PUBLICATION, DISTRIBUTION, ETC.
Place of publication, distribution, etc. London :
Name of publisher, distributor, etc. Allison & Busby,
Date of publication, distribution, etc. 2007.
300 ## - PHYSICAL DESCRIPTION
Extent 380 p. ;
Dimensions 18 cm.
655 #7 - INDEX TERM--GENRE/FORM
Genre/form data or focus term Suspense fiction.
Source of term gsafd.

No items available.

Royal Thimphu College || All Right Reserved